000 02809cam a2200517 a 4500
001 51199
005 20230410115851.0
008 030117s2003 enka b 001 0 eng
010 _a 2003001261
035 _a(OCoLC)ocm51505505
040 _aDLC
_cDLC
_dUKM
_dC#P
_dC@R
_dBAKER
_dNLGGC
_dBTCTA
_dYDXCP
015 _aGBA3-X5807
019 _a55622425
020 _a041530170X (hard cover)
020 _a9780415301701 (hard cover)
020 _a0415301696 (pbk)
020 _a9780415301695 (pbk)
035 _a(OCoLC)51505505
_z(OCoLC)55622425
042 _apcc
043 _aa-cc---
050 1 4 _aHN 733.5
_bC539 2003
082 0 0 _a306/.0951
245 0 0 _aChinese society :
_bchange, conflict and resistance /
_cedited by Elizabeth J. Perry and Mark Selden.
250 _a2nd ed.
260 _aLondon ; New York :
_bRoutledgeCurzon,
_c2003.
300 _axiv, 320 p. :
_bill. ;
_c25 cm.
440 0 _aAsia's transformations
504 _aIncludes bibliographical references and index.
505 0 _aRights and resistance: the changing contexts of the dissident movement / Minxin Pei -- The revolution of resistance / Geremie R. Barme -- Pathways of labour insurgency / Ching Kwan Lee -- Contesting rural spaces: land disputes, customary tenure and the State / Peter Ho -- To the courts or to the barricades: can new political institutions manage rural conflict? / David Zweig -- Migration, hukou and resistance in reform China / Hein Mallee -- Gender, employment and women's resistance / Wang Zheng -- Domination, resistance and accommodation in China's one-child campaign / Tyrene White -- Environmental protests in rural China / Jing Jun -- Alter/Native Mongolian identity: from nationality to ethnic group -- Uradyn E. Bulag -- The new cybersects: resistance and repression in the reform era / Patricia M. Thornyon -- Chinese Christianity: indigenization and conflict / Richard Madsen -- Suicide as resistance in Chinese society / Sing Lee and Arthur Kleinman.
651 0 _aChina
_xSocial conditions
_y1976-2000.
651 0 _aChina
_xSocial conditions
_y2000-
651 0 _aChina
_xPolitics and government
_y1976-2002.
651 0 _aChina
_xPolitics and government
_y2002-
650 4 _aChina
_xCondiciones sociales
_y1976-
650 4 _aChina
_xPolĂ­tica y gobierno
_y1976-
700 1 _aPerry, Elizabeth J.
700 1 _aSelden, Mark.
856 4 2 _3Publisher description
_uhttp://www.loc.gov/catdir/enhancements/fy0650/2003001261-d.html
938 _aBaker and Taylor
_bBTCP
_n2003001261
938 _aBaker & Taylor
_bBKTY
_c150.00
_d150.00
_i041530170X
_n0004150303
_sactive
938 _aBaker & Taylor
_bBKTY
_c45.95
_d45.95
_i0415301696
_n0004150294
_sactive
938 _aYBP Library Services
_bYANK
_n1945542
942 _2lcc
_cbk
994 _aC0
_bDRFGD
946 _aLspaulino
999 _c49506
_d49506